00643nam a22001097a 4500040000800000082002600008100004300034245039300077260002600470300002400496856001300520 cRUA aVEM SIM 2015 B509 Or. aSIM SORN; ស៊ីម ស៊ាន់ aEffect of albendazole and lev amisole for anti gastrointestinal parasites of cattle at stoung district, kampong thom provvince; ប្រសិទ្ធភាពឱសថ ALBENDAZOLE និង LEVAMISOLE ក្នុងការទម្លាក់បរាសិតក្រពះពោះវៀនគោក្នុងស្រុកស្ទោង ខេត្តកំពង់ធំ aRUAbPhnom Penhc2015 ax;56p;bill.c29cm. uSIM SORN